Datum a čas kvízu
19.5
Celkem bodů
Celkový počet nahraných bodů na tomto kvízu bez doplňovacích otázek.
6.
Pořadí na kvízu
Konečné umístění týmu na tomto kvízu.
Zaznamenané odpovědi
| # | Otázka | Odpověď | Body | Výsledky |
|---|---|---|---|---|
| 1. | Město Litomyšl vstoupilo do no... | 0 | ||
| 2. | Chorvatsko a Slovinsko se už n... | 0 | ||
| 3. | Pirátská strana využila ve své... | 1 | ||
| 4. | Končící britská velvyslankyně... | 0 | ||
| 5. | Naše biatlonistka obsadila skv... | 0 | ||
| 6. | Současný prezident Miloš Zeman... | 1 | ||
| 7. | Který z devíti kandidátů ofici... | 1 | ||
| 8. | Kdo vlastně vyhlašuje preziden... | 0 | ||
| 9. | Napište jméno nejštědřejšího s... | 1 | ||
| 10. | Jedním ze smyšlených kandidátů... | 0 |